| 000 | 00395nam a2200133Ia 4500 | ||
|---|---|---|---|
| 005 | 20251020182613.0 | ||
| 008 | 200515s9999 xx 000 0 und d | ||
| 082 | _aSC/69.032/M50 | ||
| 100 | _aMENA COELLO, Manuel | ||
| 245 | 0 | _aContratación y Ejecución de obras Públicas : en el sector privado, en el sector público : legislación comentada | |
| 260 | _cs.a. | ||
| 300 | _a527 | ||
| 942 | _cLIB | ||
| 999 |
_c3401 _d3401 |
||